1323 1738 1911 1856 1600 1510 1391 1325 1430 1909 1004 1331 1116 1508 1100 1140 1824 1404 1161 1088 1637 1866 1678 1144 1480 1330 1554 1476 1659 1335 1166 1184 1353 1726 1850 1276 1412 1514 1332 1198 1711 1296 1190 1935 1757 1609 1744 1915 1382 1612 1453 1717 1029 1956 1889 1173 1682 1864 1241 1721 1066 1922 1122 1908 1475 1736 1408 1795 1684 1799 1904 1171 1440 1457 1833 1679 1508 1710 1435 1134 1137 1840 1323 1983 1384 1579 1753 1874 1785 1874 1509 1517 1152 1647 1844 1498 1651 1526 1973 BCNSPRNW ULIB Ver.6.0+V

เปลี่ยนเป็นภาษาไทย

Change to English
 แสดงรายละเอียดบรรณานุกรม
  กลับหน้าหลัก

Brief Record : Get Marc (ISO 2709) : E-mail record : QR code < ปิดหน้าต่าง
LEADER : 00000nam 2200000uu 4500
001    13399110900
003     ULIB
008    110613s||||||||th 000 0 tha d
020    9748679241(ล.20)
050  4 AC158^bM111D ล.20 2005
100 0  Martina, Guido
245    ดิสนีย์ส (Disney s) โลกมหัศจรรย์ : ประวัติ วอลท์ดิสนีย์กับภาพยนตร์การ์ตูนและดรรชนี/ ^cผู้แปลและเรียบเรียง ศูนย์การแปล คณะอักษณศาสตร์ จุฬาลงกรณ์มหาวิทยาลัย ; บรรณาธิการ ชาญศักดิ์ พงษ์สุวรรณ
260    กรุงเทพฯ : ^bโกเลียร์อินเตอร์เนชั่นแนล, ^c2005
300    20 เล่ม : ^bภาพประกอบ ; ^c26 ซม.
592    Buddhist era
650  7 ความรู้ทั่วไป
700    ชาญศักดิ์ พงษ์สุวรรณ, ^eบรรณาธิการ
710    จุฬาลงกรณ์มหาวิทยาลัย. ^bคณะอักษรศาสตร์. ^bศูนย์การแปล
945    ^p850^l0^i023046
995    ทศพร
999 ^a ใช้งานได้ทุกระบบ
รายการนี้ยังไม่มีแท็ก
คุณยังไม่ได้ล็อกอิน คุณสามารถมีกิจกรรมร่วมกับเว็บไซต์ได้ แต่ต้องล็อกอินก่อน ::
  ล็อกอิน

รายการสื่อสารสนเทศ

ลำดับที่ ประเภท เลขเรียก/บาร์โค้ด สถานที่ สถานะ
- ไม่พบข้อมูล -

รายการใกล้เคียง
    ผู้แต่ง [Martina, Guido]

    หัวเรื่อง [ความรู้ทั่วไป]

BibComment


ยังไม่เคยถูกคอมเมนท์

คอมเมนท์ทรัพยากรรายการนี้
  คอมเมนท์: ดิสนีย์ส Disney s..


 Copyright 2026. Bcnsprnw @Library